• 首页
  • 本馆介绍
  • 公告通知
  • 最新文献
  • 馆藏检索
  • 电子资源
  • 读者导购
  • 参考咨询
  • 我的图书馆
  • 登录
  • 详细信息显示
  • 放入我的书架
  • 预约/预借图书
  • 作者相关作品
  • 分类相关作品
  • 丛书相关作品
  • 出版社相关作品

书目信息

  • 表格格式
  • 工作单格式
  • 卡片格式
题名:
漫谈近似分数
    
 
作者: 陈永明 著
分册:  
出版信息: 上海   上海教育出版社  1978
页数: 123页
开本: 19cm
丛书名:
单 册:
中图分类: O121.1
科图分类:
主题词: 分数--基本知识 , 初等数学
电子资源:
ISBN:
000 00604nam0 2200241 45
001 0178005634
005 20060815163158.68
010    @dCNY0.27
091    @a7150.1803
100    @a19950725d1978 em y0chiy0121 ea
101 0  @achi
102    @aCN@b310000
105    @ay z 000yy
200 10 @a漫谈近似分数@Aman tan jin si fen shu@f陈永明著
210    @a上海@c上海教育出版社@d1978
215    @a123页@d19cm
606    @a分数@x基本知识
606 0  @a初等数学
610 0  @a近似分数
690    @aO121.1@v3
701  0 @a陈永明@Achen yong ming@4著
801  0 @aCN@bNLC@c20060815
905    @dO121.1@e58
    
    漫谈近似分数/陈永明著.-上海:上海教育出版社,1978
    123页;19cm
    
    
    ISBN :CNY0.27
    
●
相关链接 在E读中查询图书 在五车中查询图书 在当当中查询图书 在豆瓣中查询图书


正题名:漫谈近似分数     索取号:O121.1/58         预约/预借

序号 登录号 条形码 馆藏地/架位号 状态 备注
1 0006614   001446554   密集书库/ [索取号:O121.1/58] 在馆    
2 0430519   204305199   密集书库/ [索取号:O121.1/58] 在馆    
3 0430520   204305206   密集书库/ [索取号:O121.1/58] 在馆    
4 0430521   204305215   密集书库/ [索取号:O121.1/58] 在馆    
5 0431370   204313705   密集书库/ [索取号:O121.1/58] 在馆    
6 0431371   204313714   密集书库/ [索取号:O121.1/58] 在馆    
7 0460216   204602162   密集书库/ [索取号:O121.1/58] 在馆    
8 0461660   204616601   密集书库/ [索取号:O121.1/58] 在馆    
9 0461661   204616610   密集书库/ [索取号:O121.1/58] 在馆    
唐山师范学院图书馆 欢迎您!
大连网信软件有限公司© 版权所有